Statistics for My Chemical Romance I Don't Love You Lyrics

Click here to take the quiz!

General Stats

  • This quiz has been taken 211 times
  • The average score is 152 of 191

Answer Stats

Answer% Correct
I
100%
don't
99%
Don't
99%
you
99%
love
98%
like
97%
yesterday
97%
a
95%
to
92%
when
92%
When
92%
and
91%
And
91%
go
91%
did
89%
be
87%
say
86%
get
85%
So
85%
so
85%
stay
83%
I'll
82%
the
82%
of
81%
all
80%
Well
79%
think
78%
another
77%
Another
77%
back
76%
ever
76%
try
76%
your
76%
can
75%
find
75%
make
75%
way
75%
even
74%
out
74%
turn
74%
while
73%
would
73%
maybe
72%
after
71%
off
71%
that
71%
still
70%
sick
69%
time
68%
know
65%
cry
63%
hard
63%
needless
63%
beating
62%
Sometimes
62%
take
62%
this
62%
from
61%
owe
61%
You're
60%
tired
59%
baby
58%
have
58%
gloves
57%
guts
54%
pleading
54%
down
52%
just
52%
knock
52%
Better
49%
blood
49%
blow
49%
where
49%
But
48%
up
48%
eyes
46%
they
43%
good-for-nothing
42%
dollar's
41%
Is
40%
fix
39%
ought
39%
on
35%
come
31%
whoa
26%

Score Distribution

Percentile by Number Answered

Percent of People with Each Score

Your Score History

You have not taken this quiz